| 000 | 00362nam a22001097a 4500 | ||
|---|---|---|---|
| 008 | 160506b xxu||||| |||| 00| 0 eng d | ||
| 020 | _a9789951079952 | ||
| 041 | _aeng | ||
| 080 | _a61 | ||
| 245 |
_aDhenia e barnave ne rruge enterale, paraenterale dhe veprimet mjekesore emergjente terapeutike: _cBasri Lenjani; Nexhbedin Karemani; Kadir Hyseini; |
||
| 942 |
_2udc _cBK |
||
| 999 |
_c1851 _d1851 |
||